000 00604nam a2200181Ia 4500
003 GCL
008 140319s9999 xx 000 0 ara d
040 _aGCL /
_cGCL
082 0 4 _a811.9
_bا س
100 1 _aاسامة رشاد الدباغ
245 1 0 _aالسيرة الذاتية لغلام فى البرية /
_cاسامة رشاد الدباغ
300 _a364 ص
490 _a
650 0 4 _aالشعر العربى - دواوين وقصائد
650 0 4 _aالشعر العربى - العصر الحديث
650 0 4 _aالادب العربى - العصر الحديث
942 _2ddc
_cBK
999 _c39819
_d39819